Ekonomika a riadenie elektroenergetiky Racionalizácia spotreby elektrickej energie
Guardado en:
| Autor principal: | |
|---|---|
| Formato: | Libro |
| Lenguaje: | eslovaco |
| Publicado: |
Bratislava
Slovenská technická univerzita
1991
|
| Edición: | 1. vyd. |
| Materias: | |
| Etiquetas: |
Sin Etiquetas, Sea el primero en etiquetar este registro!
|
MARC
| LEADER | 00000nam a2200000 4500 | ||
|---|---|---|---|
| 001 | c003840 | ||
| 005 | 20221214093511.5 | ||
| 020 | |a 80-227-0455-5 | ||
| 041 | 0 | |a slo | |
| 044 | |a SK | ||
| 245 | 1 | 0 | |a Ekonomika a riadenie elektroenergetiky |b Racionalizácia spotreby elektrickej energie |c Peter Šimunek |
| 250 | |a 1. vyd. | ||
| 264 | 1 | |a Bratislava |b Slovenská technická univerzita |c 1991 | |
| 300 | |a 82 s. | ||
| 610 | 2 | 0 | |a elektroenergetika |
| 610 | 2 | 0 | |a spotreba energie |
| 610 | 2 | 0 | |a racionalizácia |
| 610 | 2 | 0 | |a elektrina |
| 610 | 2 | 0 | |a úspory energie |
| 610 | 2 | 0 | |a efektívnosť |
| 610 | 2 | 0 | |a opatrenia racionalizačné |
| 100 | 1 | |a Šimunek, Peter | |